[Event "Cracovia 2010"]
[Site "Krakow"]
[Date "2010.12.30"]
[Round "4.40"]
[White "Jablonska, Sabina"]
[Black "Janus, Przemyslaw"]
[Result "0-1"]
[WhiteElo "1903"]
[BlackElo "2126"]
[PlyCount "80"]
[EventDate "2010.??.??"]

1. e4 c5 2. Nf3 d6 3. d4 cxd4 4. Nxd4 Nf6 5. Nc3 g6 6. Be3 Bg7 7. f3 Nc6 8. Qd2
O-O 9. Bc4 Nd7 10. h4 Nb6 11. Bb3 Na5 12. Qd3 Bd7 13. h5 Rc8 14. hxg6 hxg6 15.
O-O-O Re8 16. Bh6 Bf6 17. Nd5 Nxb3+ 18. Nxb3 Nxd5 19. Qxd5 Qb6 20. Qd2 Rc4 21.
Be3 Qa6 22. Kb1 Rec8 23. Bd4 e5 24. Bc3 R4c6 25. f4 Bg4 26. fxe5 dxe5 27. Rdf1
Bg7 28. Qg5 Be6 29. Qh4 Qb5 30. Rd1 Re8 31. g4 a5 32. Ka1 a4 33. Nc1 a3 34. Nb3
axb2+ 35. Kxb2 Qc4 36. Qe1 Ra8 37. Ra1 Bf8 38. Rh3 Bxg4 39. Rg3 Ba3+ 40. Kb1
Rd8 0-1

[Event "Cracovia 2010"]
[Site "Krakow"]
[Date "2010.12.30"]
[Round "4.41"]
[White "Janik, Andrzej"]
[Black "Zadlo, Tomasz"]
[Result "1/2-1/2"]
[WhiteElo "1918"]
[BlackElo "2081"]
[PlyCount "67"]
[EventDate "2010.??.??"]

1. d4 d5 2. Nf3 Nf6 3. Bf4 c6 4. e3 Bg4 5. h3 Bh5 6. Be2 Nbd7 7. Nbd2 e6 8. O-O
Be7 9. Ne5 Bg6 10. c4 O-O 11. Nxg6 hxg6 12. Bg5 e5 13. dxe5 Nxe5 14. Qb3 Ne4
15. Nxe4 dxe4 16. Rfd1 Qc7 17. Bf4 g5 18. Bxe5 Qxe5 19. Rd7 Bd6 20. g3 Qe6 21.
Bg4 f5 22. Qxb7 Be5 23. Re7 Qf6 24. Be2 f4 25. Rf1 Rad8 26. c5 Kh8 27. Bg4 fxe3
28. Re6 e2 29. Rxf6 exf1=Q+ 30. Kxf1 Rxf6 31. Qe7 Rd5 32. Qe8+ Kh7 33. Qh5+ Kg8
34. Qe8+ 1/2-1/2

[Event "Cracovia 2010"]
[Site "Krakow"]
[Date "2010.12.30"]
[Round "4.42"]
[White "Lohou, Stephane"]
[Black "Motyl, Tomasz"]
[Result "1/2-1/2"]
[WhiteElo "2165"]
[BlackElo "2035"]
[PlyCount "37"]
[EventDate "2010.??.??"]

1. e4 g6 2. d4 d6 3. Nc3 a6 4. Be3 b5 5. Qd2 Bb7 6. f3 Nd7 7. h4 h5 8. Nge2 e5
9. Bg5 f6 10. Be3 Nb6 11. Ng3 Bh6 12. a3 Qe7 13. O-O-O exd4 14. Qxd4 Qe5 15.
Bxh6 Nxh6 16. Nge2 Qxd4 17. Nxd4 O-O-O 18. Ne6 Rde8 19. Nf4 1/2-1/2

[Event "Cracovia 2010"]
[Site "Krakow"]
[Date "2010.12.31"]
[Round "5.1"]
[White "Starostits, Ilmars"]
[Black "Sieciechowicz, Marcin"]
[Result "1/2-1/2"]
[WhiteElo "2488"]
[BlackElo "2446"]
[PlyCount "29"]
[EventDate "2010.??.??"]

1. e4 c5 2. Nc3 Nc6 3. g3 g6 4. Bg2 Bg7 5. d3 d6 6. f4 e6 7. Nf3 Nge7 8. O-O
O-O 9. Be3 b6 10. Bf2 Bb7 11. Qd2 Rc8 12. d4 Na5 13. Rad1 Nc4 14. Qc1 cxd4 15.
Nxd4 1/2-1/2

[Event "Cracovia 2010"]
[Site "Krakow"]
[Date "2010.12.31"]
[Round "5.2"]
[White "Brodowski, Piotr"]
[Black "Zubov, Alexander"]
[Result "0-1"]
[WhiteElo "2417"]
[BlackElo "2574"]
[PlyCount "32"]
[EventDate "2010.??.??"]

1. d4 d5 2. Bg5 f6 3. Bf4 c5 4. e3 Nc6 5. Nf3 g5 6. Bg3 h5 7. h3 Nh6 8. Bd3 Nf5
9. Bh2 g4 10. Bxf5 Bxf5 11. Nh4 Bh7 12. hxg4 hxg4 13. Qxg4 Bxc2 14. Bg3 cxd4
15. exd4 Qb6 16. b3 Qb4+ 0-1

[Event "Cracovia 2010"]
[Site "Krakow"]
[Date "2010.12.31"]
[Round "5.4"]
[White "Jakubiec, Artur"]
[Black "Dragun, Kamil"]
[Result "1/2-1/2"]
[WhiteElo "2547"]
[BlackElo "2407"]
[PlyCount "94"]
[EventDate "2010.??.??"]

1. c4 Nf6 2. Nf3 g6 3. g3 c6 4. b3 Bg7 5. Bb2 d5 6. Bg2 O-O 7. O-O a5 8. d4 a4
9. Nbd2 a3 10. Bc3 Ne4 11. Nxe4 dxe4 12. Ne1 c5 13. Nc2 Nc6 14. e3 Bf5 15. g4
Be6 16. Bxe4 Qd7 17. f3 f5 18. gxf5 Bxf5 19. Qd3 Rad8 20. Rad1 cxd4 21. exd4
Bh3 22. Rfe1 e6 23. Kh1 Qe7 24. d5 Ne5 25. Qe2 Qh4 26. Bxe5 Bxe5 27. dxe6 Rxd1
28. Rxd1 Bxe6 29. Bd5 Bxd5 30. Rxd5 Bb2 31. Kg2 Rf7 32. Qd2 Qf6 33. Qd3 Kg7 34.
Nd4 Re7 35. Ne2 Be5 36. Ng3 h5 37. Rd7 Rxd7 38. Qxd7+ Kh6 39. Ne4 Qf8 40. Qd2+
Kg7 41. Qd7+ Kh6 42. c5 Bf4 43. h4 Qh8 44. Qe7 Qb2+ 45. Nf2 Be5 46. f4 Bd4 47.
Qg5+ Kh7 1/2-1/2

[Event "Cracovia 2010"]
[Site "Krakow"]
[Date "2010.12.31"]
[Round "5.5"]
[White "Aliavdin, Nikolai"]
[Black "Tazbir, Marcin"]
[Result "1/2-1/2"]
[WhiteElo "2377"]
[BlackElo "2527"]
[PlyCount "23"]
[EventDate "2010.??.??"]

1. e4 c5 2. Nf3 d6 3. d4 cxd4 4. Nxd4 Nf6 5. Nc3 a6 6. f4 e5 7. Nf3 Nbd7 8. a4
b6 9. Bc4 Be7 10. Ng5 O-O 11. Bxf7+ Rxf7 12. Ne6 1/2-1/2

[Event "Cracovia 2010"]
[Site "Krakow"]
[Date "2010.12.31"]
[Round "5.7"]
[White "Shishkin, Vadim"]
[Black "Mertanen, Janne"]
[Result "0-1"]
[WhiteElo "2458"]
[BlackElo "2318"]
[PlyCount "74"]
[EventDate "2010.??.??"]

1. d4 Nf6 2. c4 e6 3. Nc3 c5 4. d5 exd5 5. cxd5 d6 6. e4 g6 7. Nge2 Bg7 8. Ng3
O-O 9. Be2 a6 10. a4 Re8 11. O-O Nbd7 12. Bg5 Qc7 13. f4 h6 14. Bh4 c4 15. Kh1
Rb8 16. Bf3 Nc5 17. a5 Nd3 18. Qd2 Nd7 19. Bd1 N7c5 20. f5 b5 21. axb6 Rxb6 22.
Ra2 Nb3 23. Bxb3 cxb3 24. Raa1 Nxb2 25. f6 Nc4 26. Qd4 Bf8 27. Na4 b2 28. Rab1
Rb4 29. Nxb2 Qb8 30. Nxc4 Rxb1 31. Nd2 Rxf1+ 32. Ngxf1 a5 33. h3 Ba6 34. Ne3
Qb4 35. Qxb4 axb4 36. g4 b3 37. Nd1 Bd3 0-1

[Event "Cracovia 2010"]
[Site "Krakow"]
[Date "2010.12.31"]
[Round "5.8"]
[White "Cruz Alvarez De Ron, Dan"]
[Black "Gavrilov, Alexei"]
[Result "1/2-1/2"]
[WhiteElo "2273"]
[BlackElo "2488"]
[PlyCount "101"]
[EventDate "2010.??.??"]

1. e4 c6 2. d4 d5 3. Nd2 dxe4 4. Nxe4 Bf5 5. Ng3 Bg6 6. N1e2 Nf6 7. Nf4 e5 8.
Nxg6 hxg6 9. Be3 Nbd7 10. dxe5 Qa5+ 11. Qd2 Qxd2+ 12. Bxd2 Nxe5 13. f4 Ned7 14.
h3 Bc5 15. Bd3 O-O 16. O-O-O Rfe8 17. Rhf1 Be3 18. Rde1 Bxd2+ 19. Kxd2 Nc5 20.
Rf3 Rxe1 21. Kxe1 Rd8 22. Bf1 Nd5 23. a3 a5 24. h4 Kf8 25. f5 gxf5 26. Nxf5 g6
27. Ng3 Re8+ 28. Kd2 Re5 29. c4 Nb6 30. Re3 Nbd7 31. b4 axb4 32. axb4 Ne6 33.
Rxe5 Nxe5 34. Ne4 Ke7 35. g3 f5 36. Nf2 c5 37. Kc3 Kd6 38. Nd1 b6 39. Ne3 f4
40. gxf4 Nxf4 41. bxc5+ bxc5 42. Nd5 Nxd5+ 43. cxd5 Kxd5 44. Bg2+ Ke6 45. Be4
Kf6 46. Bb1 Kg7 47. Bc2 Kh6 48. Bb1 Kh5 49. Bc2 Kxh4 50. Bxg6 Nxg6 51. Kc4
1/2-1/2

[Event "Cracovia 2010"]
[Site "Krakow"]
[Date "2010.12.31"]
[Round "5.9"]
[White "Klim, Kamil"]
[Black "Soffer, Ram"]
[Result "1-0"]
[WhiteElo "2302"]
[BlackElo "2486"]
[PlyCount "187"]
[EventDate "2010.??.??"]

1. Nf3 e6 2. c4 f5 3. g3 Nf6 4. Bg2 d5 5. b3 Bd6 6. Bb2 O-O 7. O-O Qe7 8. d3 c6
9. Nc3 dxc4 10. dxc4 e5 11. e4 fxe4 12. Nd2 e3 13. fxe3 Bc5 14. Qe2 Bg4 15. Qe1
Nbd7 16. Nde4 Nxe4 17. Rxf8+ Rxf8 18. Nxe4 Bf3 19. Nxc5 Nxc5 20. Ba3 e4 21. Qc3
b6 22. Bxc5 bxc5 23. Rf1 g5 24. Rf2 h5 25. Kf1 Qd7 26. Qd2 Qg7 27. Qb2 Qxb2 28.
Rxb2 Rd8 29. Kf2 g4 30. Bf1 Rd1 31. h3 Kf7 32. hxg4 hxg4 33. Be2 Rh1 34. Rd2
Rh2+ 35. Ke1 Ke7 36. Bf1 Rh1 37. Kf2 Rh2+ 38. Ke1 Rh1 39. Kf2 Rh2+ 40. Ke1 Rh7
41. Kf2 Ke6 42. Ke1 Rh1 43. Kf2 Ke5 44. Ke1 Kf5 45. Kf2 Rh2+ 46. Ke1 Rh1 47.
Kf2 Ke6 48. Ke1 Rh8 49. Kf2 Rb8 50. Ke1 Ke7 51. Rh2 Kd6 52. Be2 a5 53. Rh6+ Kc7
54. Bxf3 exf3 55. Rg6 Rh8 56. Rxg4 Rh2 57. Rf4 Re2+ 58. Kf1 Rxe3 59. Kf2 Re2+
60. Kxf3 Rxa2 61. Re4 Ra3 62. Re3 a4 63. bxa4 Rxa4 64. Re4 Ra8 65. g4 Rg8 66.
Kf4 Rf8+ 67. Kg5 Rg8+ 68. Kf6 Rf8+ 69. Kg6 Rg8+ 70. Kf5 Rf8+ 71. Kg5 Rg8+ 72.
Kf4 Rf8+ 73. Kg3 Rg8 74. Re5 Kd6 75. Rf5 Ra8 76. g5 Ra1 77. Kg4 Rg1+ 78. Kh5
Rh1+ 79. Kg6 Rh4 80. Kf6 Rxc4 81. g6 Rg4 82. g7 Rxg7 83. Kxg7 c4 84. Kf6 c5 85.
Kg5 c3 86. Rf3 Kd5 87. Rxc3 Kd4 88. Rc1 c4 89. Kf4 Kd3 90. Kf3 c3 91. Rd1+ Kc4
92. Ke2 c2 93. Rc1 Kc3 94. Ke3 1-0

[Event "Cracovia 2010"]
[Site "Krakow"]
[Date "2010.12.31"]
[Round "5.10"]
[White "Bulski, Krzysztof"]
[Black "Granovskiy, Alexandr"]
[Result "1-0"]
[WhiteElo "2470"]
[BlackElo "2312"]
[PlyCount "121"]
[EventDate "2010.??.??"]

1. e4 e5 2. Nf3 Nc6 3. Bb5 g6 4. c3 Nge7 5. O-O Bg7 6. d4 exd4 7. cxd4 d5 8.
exd5 Nxd5 9. Bg5 Qd6 10. Re1+ Be6 11. Nbd2 O-O 12. Ne4 Qb4 13. Bxc6 bxc6 14.
Qc1 Rab8 15. b3 Rfe8 16. Qxc6 Qb6 17. Qc5 h6 18. Bd2 Bf8 19. Qc1 Bf5 20. Nc5
Rxe1+ 21. Bxe1 Nb4 22. Bxb4 Qxb4 23. Na6 Qb6 24. Nxb8 Qxb8 25. Qc6 Bd6 26. Re1
Kg7 27. Ne5 Qb4 28. Rd1 Qa3 29. Nc4 Qxa2 30. Nxd6 cxd6 31. Qxd6 Qxb3 32. Qe5+
Kh7 33. Rc1 Qb2 34. Qe3 Be6 35. Qc3 Qb7 36. h3 a6 37. Qg3 Qb2 38. Qf4 a5 39.
Rc7 a4 40. Qe5 Qb6 41. Re7 Qc6 42. Rc7 Qb6 43. Re7 Qc6 44. Ra7 a3 45. Qc5 Qe4
46. Rxa3 Qe1+ 47. Kh2 Qxf2 48. Qe5 Qd2 49. Ra8 g5 50. Qf6 Qf4+ 51. Qxf4 gxf4
52. Rd8 Kg6 53. d5 Bf5 54. d6 Kf6 55. Re8 h5 56. h4 Bd7 57. Re4 Be6 58. Rxf4+
Ke5 59. Rxf7 Kxd6 60. Ra7 Bg4 61. Ra5 1-0

[Event "Cracovia 2010"]
[Site "Krakow"]
[Date "2010.12.31"]
[Round "5.11"]
[White "Bobula, Mateusz"]
[Black "Przezdziecka, Marta"]
[Result "1-0"]
[WhiteElo "2393"]
[BlackElo "2249"]
[PlyCount "67"]
[EventDate "2010.??.??"]

1. d4 Nf6 2. c4 g6 3. Nf3 Bg7 4. g3 O-O 5. Bg2 d6 6. O-O Nc6 7. Nc3 Bg4 8. h3
Bxf3 9. Bxf3 Nd7 10. e3 e5 11. d5 Ne7 12. e4 f5 13. Bg2 Nf6 14. Bg5 Qd7 15. Kh2
Rf7 16. exf5 gxf5 17. f4 h6 18. fxe5 dxe5 19. Be3 Ng6 20. c5 e4 21. Qb3 c6 22.
Rad1 Qc8 23. Bd4 Nxd5 24. Nxd5 cxd5 25. Bxg7 Kxg7 26. Rxd5 Ne7 27. Re5 Ng6 28.
Rexf5 Rxf5 29. Rxf5 Qxf5 30. Qxb7+ Kf6 31. Qxa8 Qxc5 32. Qxe4 Ne5 33. b4 Qc3
34. b5 1-0

[Event "Cracovia 2010"]
[Site "Krakow"]
[Date "2010.12.31"]
[Round "5.12"]
[White "Martynov, Pavel"]
[Black "Mazur, Stefan"]
[Result "1-0"]
[WhiteElo "2183"]
[BlackElo "2389"]
[PlyCount "89"]
[EventDate "2010.??.??"]

1. e4 e5 2. Bc4 Nf6 3. d3 Nc6 4. Nf3 Be7 5. c3 O-O 6. Bb3 d5 7. Qe2 dxe4 8.
dxe4 Bg4 9. h3 Bh5 10. Nbd2 Bg6 11. g4 Nd7 12. Bc2 Nc5 13. Nc4 Bd6 14. Bg5 f6
15. Bd2 b5 16. Nxd6 Qxd6 17. b4 Ne6 18. O-O a6 19. a4 bxa4 20. Rxa4 Nf4 21.
Bxf4 exf4 22. Rfa1 Ne5 23. Nd4 Bf7 24. Bb3 Bxb3 25. Nxb3 Rfd8 26. Nd4 Qd7 27.
Rxa6 Rxa6 28. Rxa6 h5 29. f3 Qc8 30. Kg2 hxg4 31. hxg4 Rd6 32. Ra1 c5 33. Qa2+
Kh7 34. Rh1+ Kg6 35. Nf5 Rd7 36. Rh5 c4 37. Qf2 Qa8 38. Rh1 Qa3 39. Qh4 Qb2+
40. Kh3 Kf7 41. Qh7 Nc6 42. Qxg7+ Ke6 43. Qg8+ Rf7 44. Ng7+ Kd6 45. Rd1+ 1-0

[Event "Cracovia 2010"]
[Site "Krakow"]
[Date "2010.12.31"]
[Round "5.13"]
[White "Mikrut, Dariusz"]
[Black "Duda, Jan-Krzysztof"]
[Result "1-0"]
[WhiteElo "2372"]
[BlackElo "2247"]
[PlyCount "89"]
[EventDate "2010.??.??"]

1. d4 Nf6 2. c4 e6 3. Nf3 d5 4. Nc3 c6 5. Bg5 Nbd7 6. e3 Be7 7. Rc1 O-O 8. Bd3
b6 9. cxd5 exd5 10. O-O Bb7 11. Qe2 h6 12. Bh4 Ne4 13. Bxe7 Qxe7 14. Ba6 Ndf6
15. Nxe4 Nxe4 16. Rc2 Bxa6 17. Qxa6 c5 18. dxc5 bxc5 19. Nd2 Nf6 20. Rfc1 Rab8
21. Qa3 Nd7 22. Nb3 Qf6 23. Qxa7 Rfd8 24. Nxc5 Nxc5 25. Qxc5 Rxb2 26. g3 Rxc2
27. Rxc2 Qa1+ 28. Kg2 Qe5 29. Qd4 Qxd4 30. exd4 Ra8 31. Kf3 g6 32. Kf4 Re8 33.
a4 Re4+ 34. Kf3 Rxd4 35. Ra2 Re4 36. a5 Re7 37. a6 Ra7 38. Ke3 Kg7 39. Kd4 Kf6
40. Kxd5 Kf5 41. f3 h5 42. Kc6 Ke5 43. Kb6 Ra8 44. Ra4 g5 45. a7 1-0

[Event "Cracovia 2010"]
[Site "Krakow"]
[Date "2010.12.31"]
[Round "5.14"]
[White "Khalafova, Narmin Ilgar Qizi"]
[Black "Strzemiecki, Zbigniew"]
[Result "0-1"]
[WhiteElo "2130"]
[BlackElo "2367"]
[PlyCount "121"]
[EventDate "2010.??.??"]

1. c4 Nf6 2. Nc3 d5 3. cxd5 Nxd5 4. g3 c5 5. Bg2 Nc7 6. Nf3 Nc6 7. O-O e5 8. d3
Be7 9. a3 O-O 10. Be3 Be6 11. Rc1 b6 12. Qa4 Bd7 13. Qd1 Rc8 14. Nd2 Ne6 15.
Nc4 Ned4 16. Nd5 Be6 17. Nxe7+ Qxe7 18. Nd2 Qd7 19. Bxd4 Nxd4 20. Nf3 Nc6 21.
Qa4 Bg4 22. Kh1 Rfd8 23. b4 Bxf3 24. Bxf3 Nd4 25. Qxd7 Rxd7 26. Bg2 g6 27. Rfe1
Rdc7 28. e3 Ne6 29. Bh3 cxb4 30. Rxc7 Rxc7 31. Bxe6 fxe6 32. axb4 Kf7 33. Ra1
Ke7 34. Kg2 Kd6 35. Kf3 Kd5 36. Ra3 Rf7+ 37. Ke2 Kc6 38. Kd2 Rxf2+ 39. Kc3 Kb7
40. b5 Rxh2 41. Ra1 Re2 42. e4 Rf2 43. g4 Rf7 44. g5 Kc8 45. Kb4 Kd8 46. Kc3
Rc7+ 47. Kd2 Ke7 48. Rh1 Kf8 49. Ke3 Kg7 50. Rh2 h6 51. gxh6+ Kh7 52. Kf3 Rc5
53. Rb2 Kxh6 54. Kg4 g5 55. Rb1 Kg6 56. Ra1 Rxb5 57. Rxa7 Rb1 58. Rb7 b5 59.
Kf3 b4 60. Kg2 b3 61. Ra7 0-1

[Event "Cracovia 2010"]
[Site "Krakow"]
[Date "2010.12.31"]
[Round "5.15"]
[White "Grinev, Valeriy"]
[Black "Toma, Katarzyna"]
[Result "1/2-1/2"]
[WhiteElo "2361"]
[BlackElo "2234"]
[PlyCount "148"]
[EventDate "2010.??.??"]

1. d4 Nf6 2. c4 g6 3. Nc3 d5 4. e3 Bg7 5. cxd5 Nxd5 6. Nxd5 Qxd5 7. Ne2 O-O 8.
Nc3 Qd8 9. Be2 c5 10. d5 e6 11. e4 Nd7 12. dxe6 fxe6 13. O-O Ne5 14. Qxd8 Rxd8
15. Bg5 Rd7 16. Be3 b6 17. Bb5 Rd8 18. Bg5 Rd4 19. f4 Nf7 20. Be7 Bb7 21. e5 a6
22. Ba4 Bf8 23. Bf6 Nh6 24. Bd1 c4 25. Bf3 Rb8 26. Rae1 Rxf4 27. Ne2 Rf5 28.
Kh1 Rxf3 29. gxf3 Nf5 30. Ng3 Nxg3+ 31. hxg3 Bc5 32. Kg2 Bd5 33. Bg5 Bd4 34.
Re2 b5 35. Rd1 Bc5 36. Be3 Be7 37. Kf2 a5 38. a3 Ra8 39. Ra1 Rb8 40. Bd4 Bf8
41. Ke3 Rb7 42. f4 h5 43. Rg1 b4 44. axb4 Rxb4 45. Ra1 Rb3+ 46. Bc3 Bc5+ 47.
Kd2 Bb4 48. Ra2 Kf7 49. Re3 Bc5 50. Re2 Bb4 51. Bxb4 Rd3+ 52. Ke1 axb4 53. Ra7+
Kg8 54. Rc7 Rxg3 55. Rh2 Rg4 56. f5 exf5 57. Re2 Re4 58. Rxe4 fxe4 59. Rd7 Be6
60. Re7 Bf5 61. Rc7 c3 62. bxc3 bxc3 63. Rxc3 Kf7 64. Rc6 h4 65. Kf2 Ke7 66.
Rf6 h3 67. Kg3 e3 68. Rc6 e2 69. Rc1 Ke6 70. Re1 Bd3 71. Kxh3 Kxe5 72. Kg3 Ke4
73. Kf2 Bc4 74. Rg1 Kf5 1/2-1/2

[Event "Cracovia 2010"]
[Site "Krakow"]
[Date "2010.12.31"]
[Round "5.16"]
[White "Krzyzanowski, Marcin"]
[Black "Wcislo, Damian"]
[Result "1-0"]
[WhiteElo "2342"]
[BlackElo "2219"]
[PlyCount "125"]
[EventDate "2010.??.??"]

1. e4 c5 2. Nf3 Nc6 3. d4 cxd4 4. Nxd4 Nf6 5. Nc3 d6 6. Bg5 e6 7. Qd2 a6 8.
O-O-O Bd7 9. f4 h6 10. Bh4 g5 11. fxg5 Ng4 12. Be2 Nge5 13. Nf3 Be7 14. Rhg1
Rg8 15. Bg3 hxg5 16. Nxe5 Nxe5 17. Bh5 Qa5 18. Qd4 Bc6 19. Rgf1 Rf8 20. Bxe5
Qxe5 21. Qxe5 dxe5 22. Rf3 Bb4 23. Rdf1 Bxc3 24. bxc3 Bxe4 25. Rxf7 Rxf7 26.
Rxf7 O-O-O 27. Bf3 Bd5 28. Bxd5 exd5 29. Rf5 g4 30. Rxe5 Rh8 31. Rg5 Rxh2 32.
Rxg4 Kd7 33. Rg6 Rh1+ 34. Kb2 Kc7 35. a4 b6 36. Rg4 Rg1 37. c4 dxc4 38. Rxc4+
Kd6 39. g4 Rg3 40. Rf4 Kc5 41. c3 Rg1 42. Kc2 Rg3 43. Kb3 Re3 44. Rf5+ Kc6 45.
g5 Rg3 46. a5 b5 47. Kc2 Kd7 48. Rf7+ Ke8 49. Rg7 Kf8 50. Rg6 Kf7 51. Rxa6 Rxg5
52. Rb6 Ke7 53. a6 Rg8 54. Kb3 Kd7 55. Kb4 Kc7 56. Rxb5 Ra8 57. Ra5 Kb6 58. a7
Kc6 59. Ra6+ Kb7 60. Kb5 Rxa7 61. Rxa7+ Kxa7 62. Kc6 Kb8 63. c4 1-0

[Event "Cracovia 2010"]
[Site "Krakow"]
[Date "2010.12.31"]
[Round "5.18"]
[White "Hartikainen, Markku"]
[Black "Vaicekauskas, Gytis"]
[Result "1-0"]
[WhiteElo "2314"]
[BlackElo "1972"]
[PlyCount "77"]
[EventDate "2010.??.??"]

1. e4 e5 2. Nf3 Nc6 3. Nc3 Nf6 4. Bb5 Bb4 5. O-O O-O 6. d3 d6 7. Bg5 Bxc3 8.
bxc3 Bg4 9. Re1 Qe7 10. d4 Nd8 11. a4 Ne6 12. Bh4 Bxf3 13. Qxf3 exd4 14. e5
dxe5 15. Rxe5 Qd6 16. Bxf6 gxf6 17. Qxf6 Ng7 18. Qxd6 cxd6 19. Re7 dxc3 20.
Rxb7 Ne6 21. Rd1 Nc5 22. Rc7 a6 23. Bc4 Rab8 24. g3 Rb4 25. Be2 Rb2 26. Rxd6
Rxc2 27. Bd1 Ne4 28. Bxc2 Nxd6 29. Rxc3 Rc8 30. Rxc8+ Nxc8 31. f4 Nb6 32. Kf2
Kf8 33. Ke3 Ke7 34. Kd4 Kd6 35. a5 Nd7 36. Bxh7 Nc5 37. Kc4 Ne6 38. Bg8 Ke7 39.
Kd5 1-0

[Event "Cracovia 2010"]
[Site "Krakow"]
[Date "2010.12.31"]
[Round "5.19"]
[White "Malec, Sebastian"]
[Black "Nguyen, Piotr"]
[Result "0-1"]
[WhiteElo "2210"]
[BlackElo "2394"]
[PlyCount "40"]
[EventDate "2010.??.??"]

1. e4 e6 2. d4 d5 3. Nc3 Bb4 4. exd5 exd5 5. Bd3 Nc6 6. Nge2 Nge7 7. Bg5 f6 8.
Bf4 Bf5 9. h3 Qd7 10. g4 Be4 11. O-O Bf3 12. Qe1 h5 13. Ng3 O-O-O 14. a3 Bxc3
15. Qxc3 hxg4 16. Be2 g5 17. Bd2 Bxe2 18. Nxe2 Rxh3 19. Ng3 Nf5 20. Rad1 Ncxd4
0-1

[Event "Cracovia 2010"]
[Site "Krakow"]
[Date "2010.12.31"]
[Round "5.20"]
[White "Wandzik, Wojciech"]
[Black "Odnorozhenko, Evgenyi"]
[Result "1/2-1/2"]
[WhiteElo "2241"]
[BlackElo "2333"]
[PlyCount "67"]
[EventDate "2010.??.??"]

1. e4 c5 2. Nf3 Nc6 3. Bb5 d6 4. O-O Bd7 5. Re1 Nf6 6. c3 a6 7. Bf1 Bg4 8. d3
e6 9. Bg5 Be7 10. Nbd2 O-O 11. h3 Bh5 12. a4 Re8 13. Qb3 Rb8 14. d4 cxd4 15.
cxd4 d5 16. e5 Nd7 17. Bxe7 Qxe7 18. Rec1 Rec8 19. Rc3 Qb4 20. Rac1 Qxb3 21.
Rxb3 Bxf3 22. Nxf3 Na5 23. Rbc3 Rxc3 24. Rxc3 Nb6 25. Rc5 Nc6 26. b3 Nd7 27.
Rc3 Rc8 28. Bd3 Na7 29. Rxc8+ Nxc8 30. Ne1 Nb8 31. f4 Nc6 32. Nf3 N8e7 33. Kf2
Nb4 34. Bb1 1/2-1/2

[Event "Cracovia 2010"]
[Site "Krakow"]
[Date "2010.12.31"]
[Round "5.21"]
[White "Gbyl, Andrzej"]
[Black "Bukojemski, Adam"]
[Result "1/2-1/2"]
[WhiteElo "2286"]
[BlackElo "2240"]
[PlyCount "32"]
[EventDate "2010.??.??"]

1. Nf3 b6 2. g3 Bb7 3. Bg2 Nf6 4. b3 g6 5. Bb2 Bg7 6. O-O O-O 7. d4 d5 8. Nbd2
Nbd7 9. e3 Rc8 10. c4 c6 11. cxd5 cxd5 12. Rc1 Ba6 13. Re1 Rxc1 14. Qxc1 Qb8
15. Qb1 Rc8 16. Rc1 e6 1/2-1/2

[Event "Cracovia 2010"]
[Site "Krakow"]
[Date "2010.12.31"]
[Round "5.22"]
[White "Obrusnik, Michal"]
[Black "Barski, Radoslaw"]
[Result "1/2-1/2"]
[WhiteElo "2204"]
[BlackElo "2278"]
[PlyCount "132"]
[EventDate "2010.??.??"]

1. g3 d5 2. Bg2 c5 3. d3 Nc6 4. e4 d4 5. f4 g6 6. Nf3 Bg7 7. O-O Bd7 8. c3 dxc3
9. bxc3 Qa5 10. e5 Rd8 11. Be3 Nh6 12. h3 Bf5 13. d4 Be4 14. Bf2 c4 15. Re1 Bd5
16. Qc2 O-O 17. Nbd2 f5 18. exf6 exf6 19. Ne4 b6 20. Re2 Nf7 21. Rae1 Nd6 22.
Nxd6 Rxd6 23. f5 g5 24. g4 Rc8 25. Bg3 Rd7 26. Qd2 Bf7 27. h4 h6 28. hxg5 hxg5
29. Qc1 Kf8 30. Nd2 Bd5 31. Bxd5 Qxd5 32. Ne4 Kf7 33. Nxg5+ fxg5 34. Qxg5 Kf8
35. Qg6 Qf7 36. Bd6+ Rxd6 37. Qxd6+ Kg8 38. d5 Bf8 39. Qe6 Qxe6 40. Rxe6 Na5
41. g5 Rd8 42. R1e5 Kf7 43. Kg2 Rd7 44. Rf6+ Kg7 45. Rg6+ Kf7 46. Rf6+ Kg7 47.
Re8 Bc5 48. Rg6+ Kf7 49. Rh8 Rxd5 50. Rh7+ Kf8 51. f6 Nc6 52. Rgg7 Ke8 53. Rg8+
Bf8 54. Rhh8 Kd7 55. Rxf8 Rxg5+ 56. Kf3 Ke6 57. Rh1 Ne5+ 58. Kf2 Ng4+ 59. Ke2
Nxf6 60. Rh6 Rf5 61. Ra8 Kd5 62. Rxa7 Ne4 63. Rxb6 Nxc3+ 64. Kd2 Kd4 65. Rd6+
Nd5 66. Ra5 Rh5 1/2-1/2

[Event "Cracovia 2010"]
[Site "Krakow"]
[Date "2010.12.31"]
[Round "5.23"]
[White "Mrva, Vladimir"]
[Black "Voiteanu, Gabriel"]
[Result "0-1"]
[WhiteElo "2128"]
[BlackElo "2262"]
[PlyCount "77"]
[EventDate "2010.??.??"]

1. e4 Nf6 2. e5 Nd5 3. d4 d6 4. c4 Nb6 5. f4 dxe5 6. fxe5 Nc6 7. Be3 Bf5 8. Nc3
e6 9. Nf3 Be7 10. Be2 f6 11. exf6 Bxf6 12. Qd2 Qe7 13. O-O O-O-O 14. c5 Nd5 15.
Nxd5 exd5 16. Ne5 Bxe5 17. Rxf5 Nxd4 18. Bxd4 Bxd4+ 19. Qxd4 Qxe2 20. Rxd5 Rxd5
21. Qxd5 Qxb2 22. Rd1 a6 23. Kh1 Rf8 24. c6 Qb5 25. cxb7+ Kb8 26. Qxb5 axb5 27.
Kg1 Kxb7 28. Rd7 Ra8 29. Rxg7 Rxa2 30. Rxh7 b4 31. Rh3 c5 32. Rb3 Ra3 33. Rb2
b3 34. h4 c4 35. Rf2 c3 36. h5 c2 37. Rf7+ Kc6 38. Rf6+ Kd5 39. h6 0-1

[Event "Cracovia 2010"]
[Site "Krakow"]
[Date "2010.12.31"]
[Round "5.24"]
[White "Gonzalez Diaz, Julio"]
[Black "Bukhteeva, Viktoria"]
[Result "1/2-1/2"]
[WhiteElo "2259"]
[BlackElo "2136"]
[PlyCount "54"]
[EventDate "2010.??.??"]

1. c4 e5 2. g3 Nc6 3. Bg2 f5 4. Nc3 Nf6 5. d3 Bb4 6. Bd2 O-O 7. a3 Bxc3 8. Bxc3
d6 9. e3 f4 10. Qd2 fxe3 11. fxe3 d5 12. cxd5 Nxd5 13. Nf3 Bh3 14. O-O Bxg2 15.
Kxg2 Qe7 16. e4 Nxc3 17. bxc3 Rad8 18. Ng5 Kh8 19. a4 Na5 20. Qe3 h6 21. Rxf8+
Rxf8 22. Nf3 Nb3 23. Re1 c5 24. Rb1 Na5 25. Nh4 Kh7 26. Nf5 Qe6 27. Qe2 b6
1/2-1/2

[Event "Cracovia 2010"]
[Site "Krakow"]
[Date "2010.12.31"]
[Round "5.25"]
[White "Skawinski, Arkadiusz"]
[Black "Lewtak, Damian"]
[Result "1-0"]
[WhiteElo "2249"]
[BlackElo "2100"]
[PlyCount "63"]
[EventDate "2010.??.??"]

1. e4 c5 2. c3 Nf6 3. e5 Nd5 4. d4 cxd4 5. Nf3 e6 6. cxd4 d6 7. Nc3 Nc6 8. Bg5
Nxc3 9. bxc3 Qa5 10. Bd3 dxe5 11. O-O f6 12. Be3 exd4 13. Nxd4 Nxd4 14. Bxd4
Bd7 15. Rb1 b6 16. Re1 O-O-O 17. Qf3 Kc7 18. Be4 e5 19. Be3 Bc5 20. c4 Ba4 21.
h4 Rd6 22. Rec1 g6 23. h5 f5 24. Bd5 a6 25. Qe2 Re8 26. Bd2 Bxf2+ 27. Qxf2 Qc5
28. Qxc5+ bxc5 29. Rb7+ Kc8 30. Rcb1 Red8 31. Rb8+ Kd7 32. R1b7+ 1-0

[Event "Cracovia 2010"]
[Site "Krakow"]
[Date "2010.12.31"]
[Round "5.26"]
[White "Krasiewicz, Robert"]
[Black "Veltkamp, Gerben"]
[Result "1/2-1/2"]
[WhiteElo "2055"]
[BlackElo "2171"]
[PlyCount "200"]
[EventDate "2010.??.??"]

1. d4 d5 2. c4 c6 3. Nf3 Nf6 4. Qc2 Bg4 5. Ne5 Be6 6. e3 g6 7. Nc3 Bg7 8. b4
O-O 9. Rb1 Nbd7 10. Nxd7 Nxd7 11. cxd5 cxd5 12. Bd3 Rc8 13. Bd2 Nb6 14. O-O Nc4
15. Rb3 Bf5 16. Rd1 e6 17. Be1 Qg5 18. Kh1 Rfd8 19. Qe2 Bxd3 20. Rxd3 h5 21. h3
Qf5 22. b5 b6 23. Qd1 Rd7 24. a3 Bf8 25. Na2 Nd6 26. f3 Rc4 27. Bg3 Qg5 28. Bf4
Qh4 29. Kh2 Nf5 30. g3 Qd8 31. h4 Bd6 32. Nb4 Bxf4 33. exf4 Qc8 34. Kh3 Rdc7
35. Rb1 Rc1 36. Rxc1 Rxc1 37. Qd2 e5 38. g4 hxg4+ 39. fxg4 e4 40. Nc6 Rxc6 41.
bxc6 exd3 42. gxf5 Qxc6 43. Qxd3 Qd7 44. Kg4 b5 45. Kg3 gxf5 46. Qe2 a6 47. Kh2
Qe6 48. Qg2+ Kf8 49. Qg5 Ke8 50. h5 Qe2+ 51. Kh1 Qg4 52. Qh6 Qd1+ 53. Kg2 Qxd4
54. Qxa6 Qe4+ 55. Kg1 Qe1+ 56. Kh2 Qe2+ 57. Kg1 Qg4+ 58. Kf2 Qxf4+ 59. Ke2 Qe5+
60. Kd1 d4 61. h6 d3 62. Qa8+ Ke7 63. Qb7+ Kf6 64. Qc6+ Kg5 65. Qg2+ Kxh6 66.
Qh3+ Kg5 67. Qxd3 f4 68. Qd8+ Kh5 69. Qf8 f5 70. Qf7+ Kh4 71. Qh7+ Kg3 72. Qg6+
Kf2 73. Qb6+ Kf1 74. Qh6 Qe2+ 75. Kc1 f3 76. Qh1+ Kf2 77. Qh2+ Ke1 78. Qh1+ Kf2
79. Qh2+ Ke3 80. Qe5+ Kd3 81. Qxb5+ Ke4 82. Qb4+ Ke5 83. Qe7+ Kf4 84. Qh4+ Ke3
85. Qg5+ f4 86. Qc5+ Kd3 87. Qb5+ Kc3 88. Qb4+ Kd3 89. Qb5+ Ke4 90. Qe8+ Kf5
91. Qh5+ Ke4 92. Qe8+ Kd5 93. Qf7+ Kc5 94. Qc7+ Kd4 95. Qxf4+ Qe4 96. Qxe4+
Kxe4 97. Kd1 Kd4 98. Ke1 Kc4 99. Kf2 Kb3 100. Kxf3 Kxa3 1/2-1/2